Loading...
| Fine Arts - Other Fine Arts | 0 | 4 | 0 | 2 | 40 | 19 | 108.25 | 1 | 1 |
| History - American History | 0 | 4 | 1 | 0 | 35 | 87 | 102.25 | 0 | 3 |
| History - European History | 0 | 3 | 0 | 1 | 30 | 75 | 102.33 | 0 | 1 |
| Philosophy | 0 | 3 | 0 | 2 | 30 | 122 | 127.67 | 0 | 2 |
| Current Events | 0 | 2 | 0 | 0 | 20 | 76 | 80.50 | 0 | 1 |
| Fine Arts - Painting and Sculpture | 0 | 2 | 0 | 0 | 20 | 134 | 136.00 | 0 | 1 |
| History - Other History | 0 | 2 | 0 | 0 | 20 | 101 | 111.00 | 0 | 1 |
| Literature - American Literature | 0 | 2 | 0 | 0 | 20 | 80 | 109.50 | 0 | 2 |
| Social Science | 0 | 2 | 1 | 1 | 15 | 100 | 116.00 | 0 | 0 |
| Science - Biology | 0 | 1 | 0 | 0 | 10 | 116 | 116.00 | 0 | 1 |
| Geography | 0 | 1 | 0 | 1 | 10 | 126 | 126.00 | 0 | 0 |
| Other Academic | 0 | 1 | 0 | 0 | 10 | 125 | 125.00 | 0 | 1 |
| Fine Arts - Classical Music | 0 | 1 | 0 | 1 | 10 | 133 | 133.00 | 0 | 0 |
| Pop Culture | 0 | 1 | 0 | 0 | 10 | 31 | 31.00 | 1 | 1 |
| History - World History | 0 | 1 | 1 | 0 | 5 | 131 | 131.00 | 0 | 1 |
| Literature - World Literature | 0 | 1 | 1 | 0 | 5 | 28 | 28.00 | 1 | 1 |
| Religion | 0 | 1 | 1 | 0 | 5 | 122 | 122.00 | 0 | 1 |
| Science - Physics | 0 | 0 | 0 | 0 | 0 | 0.00 | 0 | 0 |